000 00280nam a22001337a 4500
008 181024b xxu||||| |||| 00| 0 eng d
020 _a9780077727956
041 _aeng
080 _a541
100 _a12
101 _aKIM
245 _aChemistry
_cSilerberg.l
942 _2udc
_cBK
999 _c50776
_d50776